000 00378nam a2200181Ia 4500
003 0100
008 130303s9999 xx 000 0 und d
040 _cARRUPELIB
050 _aHF5415.B423 1967
100 _aBeckman, Theodore N
245 _aMarketing
250 _a8th
260 _aNY
260 _bThe Ronald Press
260 _C1967
300 _a872p
942 0 0 _01
999 _c37246
_d37246